| 000 | 01209pam a2200325 a 4500 | ||
|---|---|---|---|
| 001 | 015541685 | ||
| 003 | Uk | ||
| 005 | 20121128134954.0 | ||
| 008 | 100420s2010 enk b 001|0 eng|d | ||
| 020 | _a1846684234 (pbk.) : | ||
| 020 | _a9781846684234 (pbk.) : | ||
| 082 | 0 | 4 |
_a327.17470955 _222 _bOTT |
| 100 | 1 |
_aOttolenghi, Emanuele. _931547 |
|
| 245 | 1 | 0 |
_aIran, the Looming Crisis : _bCan the West Live with Lran's Nuclear Threat? / _cEmanuele Ottolenghi. |
| 250 | _aNew ed. | ||
| 260 |
_aLondon : _bProfile, _c2010. |
||
| 300 |
_axii, 339 p. ; _c20 cm. |
||
| 500 | _aOriginally published: as Under a mushroom cloud. 2009. | ||
| 500 |
_aFormerly CIP. _5Uk |
||
| 504 | _aIncludes bibliographical references and index. | ||
| 650 | 0 |
_aNuclear energy _xGovernment policy _zIran. _931548 |
|
| 650 | 0 |
_aNuclear weapons _zIran. _931549 |
|
| 650 | 0 |
_aNuclear arms control _zIran. _931550 |
|
| 651 | 0 |
_aIran _xPolitics and government _y21st century. _931551 |
|
| 651 | 0 |
_aIran _xForeign relations _zWestern countries. _931552 |
|
| 651 | 0 |
_aWestern countries _xForeign relations _zIran. _931553 |
|
| 653 |
_bPol _cNovember2012 |
||
| 700 | 1 |
_aOttolenghi, Emanuele. _tUnder a mushroom cloud. _931554 |
|
| 942 |
_2ddc _cBB |
||
| 999 |
_c17123 _d17095 |
||